00507nam a2200145 a 450000500170000000800410001705000180005810000270007624500570010326000430016044000310020365000100023499900190024495200980026320140414131858.0100827s19uu xx 00 eng d aFILbAn8 2006 aPastor, Boots Agbayani aThe ant and the dove :bAng langgam at ang kalapati. aManila, Philippines :bLampara,c2006. aStories with moral lessons aFable c110563d110563 001040aMUbMUcFILd2010-09-14l0oFIL An8 2006pM0999r2014-04-14 00:00:00w2014-04-14yBK